000 00580nam a2200169 4500
999 _c16334
_d16334
008 211124b ||||| |||| 00| 0 eng d
022 _a0732-8435
082 _aDPer 657.05 C33 Apr - Sept 2016, v86 n4-9
100 _aHuefner, Ronald J.
_943744
245 _aCollecting life insurance:
_ba cautionary tale/
_cRonald J. Huefner.
260 _aNew York:
_bThe New York State Society of CPA,
_c©2016.
300 _av86 n9, pages 10-11:
_billustrations;
_c28 cm.
500 _aThe CPA Journal
650 _aLife insurance.
_943745
650 _aInsurance.
_943006
942 _2ddc
_cPER